LEADER 01332nam1 2200385 450 001 990001246630203316 005 20031106124901.0 035 $a000124663 035 $aUSA01000124663 035 $a(ALEPH)000124663USA01 035 $a000124663 100 $a20031106d2002----km-y0enga50------ba 101 0 $aita 102 $aIT 105 $ay|||z|||001yy 200 1 $aRomanzi e prose$fPaolo Volponi 210 $aTorino$cEinaudi$d2002 215 $av.$d21 cm 225 2 $aNuova universale Einaudi 410 0$12001$aNuova universale Einaudi 463 \1$1001990001183740203316$12001 $a<> Memoriale; La macchina mondiale; Corporale; Poesie minori 1956-1975 463 \1$1001990001246990203316$12001 $a<> <> sipario ducale; Il pianeta irritabile; Il lanciatore di giavellotto; Prose minori 1976-1983 463 \1$1001990001247030203316$12001 $a<> <> mosche del capitale; La strada per Roma; Prose minori 1983-1994 676 $a853.91 700 1$aVOLPONI,$bPaolo$011380 702 1$aZINATO,$bEmanuele 801 0$aIT$bSalbc$cISBD 912 $a990001246630203316 951 $aV A$bL.M.$cV A 959 $aBK 969 $aUMA 979 $aALESSANDRA$b90$c20031106$lUSA01$h1249 979 $aPATRY$b90$c20040406$lUSA01$h1729 996 $aRomanzi e prose$9541610 997 $aUNISA LEADER 01152cam0-22004211i-450- 001 990006527570403321 005 20050202124011.0 035 $a000652757 035 $aFED01000652757 035 $a(Aleph)000652757FED01 035 $a000652757 100 $a20010426d1983----km-y0itay50------ba 101 0 $aita 102 $aIT 105 $ay-------001yy 200 1 $aAdolescenza e territorio$escuola, professionalitą, lavoro$fRaffaella Semeraro$gcon scritti di Luigina Marin...[et al.]. 210 $aMilano$cFranco Angeli$d1993 215 $a264 p.$d22 cm 610 0 $aServizi$aScuola 676 $a304.2 676 $a13150 676 $a13910 676 $a15230 676 $a050.007 700 1$aSemeraro,$bRaffaella$0118403 702 1$aMarin,$bLuigina 801 0$aIT$bUNINA$gRICA$2UNIMARC 801 0$aIT$bUNINA$gRICA$2UNIMARC 901 $aBK 912 $a990006527570403321 952 $aIX A 310$b21127$fFSPBC 952 $a13910 SEM$b12269/I$fSES 952 $a050.007.SEM$b2878$fDECGE 959 $aFSPBC 959 $aSES 959 $aDECGE 996 $aAdolescenza e territorio$9193009 997 $aUNINA LEADER 05235nam 22007815 450 001 9910298272703321 005 20251116133920.0 010 $a1-4939-2362-5 024 7 $a10.1007/978-1-4939-2362-5 035 $a(CKB)3710000000343581 035 $a(EBL)1973948 035 $a(SSID)ssj0001424464 035 $a(PQKBManifestationID)11891904 035 $a(PQKBTitleCode)TC0001424464 035 $a(PQKBWorkID)11368540 035 $a(PQKB)11302825 035 $a(DE-He213)978-1-4939-2362-5 035 $a(MiAaPQ)EBC1973948 035 $a(PPN)183519132 035 $a(EXLCZ)993710000000343581 100 $a20150130d2015 u| 0 101 0 $aeng 135 $aur|n|---||||| 181 $ctxt 182 $cc 183 $acr 200 10$aEssays on the History of Respiratory Physiology /$fby John B. West 205 $a1st ed. 2015. 210 1$aNew York, NY :$cSpringer New York :$cImprint: Springer,$d2015. 215 $a1 online resource (349 p.) 225 1 $aPerspectives in Physiology,$x2625-2813 300 $aDescription based upon print version of record. 311 08$a1-4939-2361-7 320 $aIncludes bibliographical references. 327 $aGalen and the beginnings of Western physiology -- Ibn al-Nafis, the pulmonary circulation, and the Islamic Golden Age -- Torricelli and the ocean of air: the first measurement of barometric pressure -- Robert Boyle?s landmark book of 1660 with the first experiments on rarified air -- The original presentation of Boyle's Law -- Robert Hooke: Early respiratory physiologist, polymath, and mechanical genius -- Marcello Malpighi and the discovery of the pulmonary capillaries and alveoli -- Stephen Hales: neglected respiratory physiologist -- Joseph Black, carbon dioxide, latent heat, and the beginnings of the discovery of the respiratory gases -- Carl Wilhelm Scheele, the discoverer of oxygen, and a very productive chemist -- Joseph Priestley, oxygen, and the Enlightenment -- The collaboration of Antoine and Marie-Anne Lavoisier and the first measurements of human oxygen consumption -- Henry Cavendish, hydrogen, water, and the weight of the earth -- Humphry Davy, nitrous oxide, the Pneumatic Institution, and the Royal Institution -- Denis Jourdanet (1815-1892) and the early recognition of the role of hypoxia at high altitude -- Centenary of the Anglo-American High Altitude Expedition to Pikes Peak -- Alexander M. Kellas and the physiological challenge of Mount Everest -- Ravenhill and his contributions to mountain sickness -- George I. Finch and his pioneering use of oxygen for climbing at extreme altitudes -- Joseph Barcroft's studies of high altitude physiology -- The physiological legacy of the Fenn, Rahn and Otis school -- The physiological challenges of the 1952 Copenhagen poliomyelitis epidemic and a renaissance in clinical respiratory physiology -- Historical aspects of the early Soviet/Russian manned space program.   . 330 $aThis book consists of 23 essays about prominent people and events in the history of respiratory physiology. It provides a first-hand chronicle of the advancements made in respiratory physiology starting with Galen and the beginnings of Western physiology. The volume covers many aspects of the evolution of this important area of knowledge: pulmonary circulation, Boyle?s Law, pulmonary capillaries and alveoli, morphology, gas exchange and blood flow, mechanics, control of ventilation, and comparative physiology. The book emphasizes societal and philosophical aspects of the history of science. Although it concentrates on physiology, it also describes how cultural movements, such as The Enlightenment, shaped the researchers discussed. 410 0$aPerspectives in Physiology,$x2625-2813 606 $aMedicine?History 606 $aHuman physiology 606 $aCell physiology 606 $aRespiratory organs?Diseases 606 $aEvolution (Biology) 606 $aHistory of Medicine$3https://scigraph.springernature.com/ontologies/product-market-codes/H64000 606 $aHuman Physiology$3https://scigraph.springernature.com/ontologies/product-market-codes/B13004 606 $aCell Physiology$3https://scigraph.springernature.com/ontologies/product-market-codes/L33010 606 $aPneumology/Respiratory System$3https://scigraph.springernature.com/ontologies/product-market-codes/H33134 606 $aEvolutionary Biology$3https://scigraph.springernature.com/ontologies/product-market-codes/L21001 615 0$aMedicine?History. 615 0$aHuman physiology. 615 0$aCell physiology. 615 0$aRespiratory organs?Diseases. 615 0$aEvolution (Biology) 615 14$aHistory of Medicine. 615 24$aHuman Physiology. 615 24$aCell Physiology. 615 24$aPneumology/Respiratory System. 615 24$aEvolutionary Biology. 676 $a571.6 676 $a576.8 676 $a610 676 $a612 676 $a616.2 676 $a616009 700 $aWest$b John B.$4aut$4http://id.loc.gov/vocabulary/relators/aut$0633685 906 $aBOOK 912 $a9910298272703321 996 $aEssays on the History of Respiratory Physiology$92513397 997 $aUNINA